000 00542cam a2200145 4500500
005 20251012032548.0
041 _afre
042 _adc
100 1 0 _aLévi, Florence
_eauthor
245 0 0 _a« Secret et transparence dans la Franc-maçonnerie », in Le Pavé Mosaïque, revue d’études maçonniques, Paris, Dervy, 2003, 224 pages.
260 _c2005.
500 _a6
786 0 _nSigila | 15 | 1 | 2005-06-20 | p. 226-227 | 1286-1715
856 4 1 _uhttps://shs.cairn.info/revue-sigila-2005-1-page-226?lang=fr&redirect-ssocas=7080
999 _c1547631
_d1547631